000 00443nmm a2200157Ia 4500
008 251105s9999||||xx |||||||||||||||||und||
020 _a9788468761619
041 _aspa
100 _aKeats, Isabel
245 0 _aTe quiero, baby
264 _a[Madrid, España] :
_bHarlequin,
_c[Fecha de publicación no identificada]
300 _a0 páginas
650 _aRomance
856 _uhttps://public.digitaliapublishing.com/a/93868
942 _cCF
999 _c84251
_d84251